=LDR 00000nam 2200000 4500 =001 INLIS000000000023403 =005 20201221105228 =035 ##$$a 0010-061300000023403 =008 201221################g##########0#ind## =041 ##$$a Ind =082 ##$$a 320 =090 ##$$a 320, Dah a =100 1#$$a Dahl, Robert =245 1#$$a Analisa politik modern, /$c Robert Dahl; alih bahasa, Drs. Sahat Simamora =260 ##$$a Jakarta :$b Bumi aksara,$c 1985 =300 ##$$a 226 hlm, ; $c 14 x 21 cm =650 #4$$a Politik =850 ##$$a NBPNMAT =084 ##$$a 320 DAH a =250 ##$$a cet.1 =990 ##$$a 35.225/Pro.90 =990 ##$$a 00087905